[Event "39 Mar del Plata open"]
[Site "?"]
[Date "2008.03.21"]
[Round "8"]
[White "Tristan, Leonardo"]
[Black "Perdomo, Carlos"]
[Result "1-0"]
[WhiteElo "2345"]
[BlackElo "2351"]
[PlyCount "93"]

1. e4 c5 2. Nf3 e6 3. d4 cxd4 4. Nxd4 a6 5. Bd3 Qb6 6. Nb3 Qc7 7. O-O Nc6 8. f4
d6 9. c4 Nf6 10. Nc3 Be7 11. Qe2 Nb4 12. Bb1 Nd7 13. a3 Nc6 14. Be3 Bf6 15. Bc2
Na5 16. Nxa5 Qxa5 17. Rad1 Qc7 18. Qd2 Be7 19. b3 b6 20. Bd4 O-O 21. Rf3 Bb7
22. Rg3 e5 23. fxe5 dxe5 24. Be3 Rfd8 25. Bh6 g6 26. Nd5 Bxd5 27. exd5 Bxa3 28.
Rf1 a5 29. Rgf3 Rf8 30. h4 Qc5+ 31. Kh1 Qe7 32. h5 Bb4 33. Qe2 Rae8 34. hxg6
hxg6 35. Bf5 e4 36. Rh3 Nc5 37. Qg4 Qf6 38. Bxg6 Qxg6 39. Qh4 Nd3 40. Rg3 Re5
41. Bxf8 Bxf8 42. Rxg6+ fxg6 43. Qd8 Rh5+ 44. Kg1 Rf5 45. Rxf5 gxf5 46. Qg5+
Bg7 47. Qxf5 1-0

[Event "39 Mar del Plata open"]
[Site "?"]
[Date "2008.03.21"]
[Round "8"]
[White "Vargas, Gabriela"]
[Black "Cristobal, Manuel"]
[Result "1/2-1/2"]
[WhiteElo "2030"]
[BlackElo "2174"]
[PlyCount "78"]

1. d4 e6 2. c4 Bb4+ 3. Bd2 a5 4. Nf3 Nf6 5. a3 Bxd2+ 6. Nbxd2 d6 7. g3 Qe7 8.
e4 e5 9. d5 a4 10. Bg2 Nbd7 11. O-O Nc5 12. Qc2 O-O 13. Ne1 Nh5 14. Nd3 Nxd3
15. Qxd3 Qg5 16. Nf3 Qg4 17. h3 Qg6 18. Nh4 Qg5 19. Nf3 Qe7 20. Qe3 c5 21. dxc6
bxc6 22. c5 dxc5 23. Rfc1 Ra5 24. Qc3 Rb5 25. Qxe5 Qxe5 26. Nxe5 Rxb2 27. Nxc6
g6 28. Ne7+ Kg7 29. Rxc5 Be6 30. Nd5 Rfb8 31. Ra5 Rd2 32. Rxa4 Rbb2 33. Rb4
Rxf2 34. Rxb2 Rxb2 35. a4 Nxg3 36. a5 Ne2+ 37. Kh1 Ng3+ 38. Kg1 Ne2+ 39. Kh1
Ng3+ 1/2-1/2

[Event "39 Mar del Plata open"]
[Site "?"]
[Date "2008.03.22"]
[Round "9"]
[White "Alonso, Salvador"]
[Black "Needleman, Gaston"]
[Result "1-0"]
[WhiteElo "2404"]
[BlackElo "2406"]
[PlyCount "63"]

1. e4 c5 2. Nf3 e6 3. d4 cxd4 4. Nxd4 a6 5. Nc3 Qc7 6. Be2 Nc6 7. O-O Nf6 8.
Kh1 Be7 9. f4 d6 10. Be3 O-O 11. Qe1 Nxd4 12. Bxd4 b5 13. a3 Bb7 14. Qg3 g6 15.
Bf3 Bc6 16. e5 Nd7 17. Ne4 Bxe4 18. Bxe4 d5 19. Bd3 Bc5 20. c3 Bxd4 21. cxd4 f5
22. exf6 Rxf6 23. Qe3 Raf8 24. g3 Nb6 25. Qe1 Qg7 26. b3 g5 27. Qe3 h6 28. Rac1
Kh8 29. fxg5 hxg5 30. Rxf6 Rxf6 31. Rc6 Qf8 32. Rxb6 1-0

[Event "39 Mar del Plata open"]
[Site "?"]
[Date "2008.03.22"]
[Round "9"]
[White "Alpern, Adrian Pablo"]
[Black "Fernandez, Maria Florencia"]
[Result "1-0"]
[WhiteElo "2187"]
[BlackElo "2037"]
[PlyCount "85"]

1. Nf3 Nf6 2. b3 g6 3. Bb2 Bg7 4. g3 d6 5. Bg2 e5 6. d3 O-O 7. O-O Ne8 8. e4 f5
9. Nbd2 Nf6 10. Qe2 Nc6 11. c4 fxe4 12. dxe4 a5 13. c5 Qe7 14. cxd6 cxd6 15.
Nc4 Bg4 16. Ba3 Nd4 17. Qd3 Bxf3 18. Bxf3 Rad8 19. Bg2 b5 20. Ne3 Qb7 21. Nc2
Nxc2 22. Qxc2 b4 23. Bb2 Qb6 24. Rad1 Rc8 25. Qd3 Rc6 26. Bh3 h5 27. Rc1 Bh6
28. Rc4 Ng4 29. Bxg4 Rxc4 30. Be6+ Kh7 31. Qxc4 Rf6 32. Bh3 h4 33. Bc1 hxg3 34.
hxg3 Rf3 35. Bxh6 Rxg3+ 36. Kh2 Rc3 37. Qe6 Kxh6 38. Bf5 Kg7 39. Qxg6+ Kf8 40.
Qf6+ Ke8 41. Be6 Rc7 42. Qg6+ Kf8 43. Qg8+ 1-0

[Event "39 Mar del Plata open"]
[Site "?"]
[Date "2008.03.22"]
[Round "9"]
[White "Amed, Stephanie"]
[Black "Miracca, Juan Pablo"]
[Result "1-0"]
[WhiteElo "2083"]
[BlackElo "2265"]
[PlyCount "143"]

1. e4 c5 2. Nf3 d6 3. d4 cxd4 4. Nxd4 Nf6 5. Nc3 e6 6. Be2 a6 7. a4 Be7 8. O-O
Nc6 9. Be3 O-O 10. f4 Qc7 11. Kh1 Re8 12. a5 Nxa5 13. e5 Nd5 14. Nxe6 Bxe6 15.
Nxd5 Bxd5 16. Qxd5 Nc6 17. Bc4 dxe5 18. Qxf7+ Kh8 19. Bd3 Qd6 20. Bxh7 Rf8 21.
Qh5 Qh6 22. Qxh6 gxh6 23. Be4 exf4 24. Bxf4 Kg7 25. Rae1 Bg5 26. Bxg5 hxg5 27.
Rxf8 Rxf8 28. Bxc6 bxc6 29. Kg1 Rd8 30. Kf2 Kf6 31. Ke2 Re8+ 32. Kd2 Rd8+ 33.
Kc3 Rd5 34. Re4 Rf5 35. h4 Rc5+ 36. Kd3 Rd5+ 37. Ke3 gxh4 38. Rxh4 Re5+ 39. Kd3
Rd5+ 40. Rd4 Re5 41. b4 Rb5 42. Rd6+ Ke5 43. Rxc6 Rxb4 44. Rc4 Rb6 45. Re4+ Kf5
46. g4+ Kg5 47. Rd4 Re6 48. c4 Kh4 49. Kc3 a5 50. Rd5 Ra6 51. g5 a4 52. Kb2 Rc6
53. c5 Kg4 54. Ka3 Kf4 55. g6 Rxg6 56. Kxa4 Ke4 57. Rd8 Ke5 58. Kb5 Rg1 59. Kb6
Ke6 60. c6 Rb1+ 61. Kc7 Ke7 62. Rd3 Re1 63. Kb7 Rb1+ 64. Kc8 Rc1 65. Kc7 Re1
66. Kb8 Rb1+ 67. Kc8 Rc1 68. c7 Rh1 69. Rb3 Kd6 70. Kb7 Rh7 71. Rd3+ Kc5 72.
Kb8 1-0

[Event "39 Mar del Plata open"]
[Site "?"]
[Date "2008.03.22"]
[Round "9"]
[White "Arcos Facio, Mateos"]
[Black "Fidel, Roberto"]
[Result "0-1"]
[WhiteElo "2060"]
[BlackElo "2168"]
[PlyCount "70"]

1. e4 e5 2. Bc4 Nf6 3. d3 d5 4. exd5 Nxd5 5. Nf3 Nc6 6. c3 Nb6 7. Bb3 Be7 8.
O-O O-O 9. Qe2 Bf5 10. Nxe5 Nxe5 11. Qxe5 Bxd3 12. Rd1 Bd6 13. Qd4 Be2 14. Re1
c5 15. Qe4 Re8 16. Qf5 c4 17. Bc2 Bd3 18. Rxe8+ Qxe8 19. Bxd3 Qe1+ 20. Bf1 Qxc1
21. Qb5 Rc8 22. a4 Bc5 23. b4 Bxf2+ 24. Kxf2 Qb2+ 25. Be2 Qxa1 26. a5 Qxb1 27.
axb6 axb6 28. Qd7 Rf8 29. Qxb7 Qf5+ 30. Kg3 Qe5+ 31. Kf2 b5 32. Qf3 Re8 33. h3
g6 34. h4 Re6 35. Qa8+ Kg7 0-1

[Event "39 Mar del Plata open"]
[Site "?"]
[Date "2008.03.22"]
[Round "9"]
[White "Bibiloni, Jorge"]
[Black "Rojas, Matias"]
[Result "1-0"]
[WhiteElo "2180"]
[BlackElo "1898"]
[PlyCount "61"]

1. e4 c5 2. d3 Nc6 3. g3 g6 4. Bg2 Bg7 5. f4 d6 6. Nf3 e6 7. O-O Nge7 8. c3 O-O
9. Be3 b6 10. d4 Bb7 11. Na3 a6 12. Bf2 Qc7 13. Rc1 Rac8 14. b4 cxb4 15. cxb4
d5 16. b5 axb5 17. Nxb5 Qd7 18. exd5 Nxd5 19. a4 Rfd8 20. Ne5 Nxe5 21. dxe5
Rxc1 22. Qxc1 Bc6 23. Qc4 Ra8 24. Rc1 Bxb5 25. axb5 f6 26. exf6 Bxf6 27. Bxd5
Qxd5 28. Qxd5 exd5 29. Rc6 Ra1+ 30. Kg2 Kf7 31. Rxf6+ 1-0

[Event "39 Mar del Plata open"]
[Site "?"]
[Date "2008.03.22"]
[Round "9"]
[White "Covas, Guillermo Maximilia"]
[Black "Koch, Juan Enrique"]
[Result "1/2-1/2"]
[WhiteElo "2192"]
[BlackElo "2054"]
[PlyCount "69"]

1. c4 e6 2. d4 d5 3. cxd5 exd5 4. Nf3 c5 5. Nc3 Nc6 6. g3 Nf6 7. Bg5 Be7 8. Bg2
O-O 9. O-O cxd4 10. Nxd4 h6 11. Be3 Re8 12. Qa4 Bd7 13. Rfd1 Na5 14. Qc2 Rc8
15. Nf5 Be6 16. Nxe7+ Qxe7 17. Bd4 Bg4 18. h3 Be6 19. Kh2 b5 20. a3 a6 21. b4
Nc4 22. a4 Ne4 23. Nxe4 dxe4 24. Qxe4 Qxb4 25. Qf4 Qe7 26. axb5 axb5 27. Ra7
Qg5 28. Qxg5 hxg5 29. Rb1 Rb8 30. Bc6 Red8 31. e3 b4 32. f4 Bd5 33. Bxd5 Rxd5
34. fxg5 Nd2 35. Rd1 1/2-1/2

[Event "39 Mar del Plata open"]
[Site "?"]
[Date "2008.03.22"]
[Round "9"]
[White "Cristobal, Manuel"]
[Black "Lopez, Diego"]
[Result "1-0"]
[WhiteElo "2174"]
[BlackElo "2129"]
[PlyCount "97"]

1. b4 e5 2. a3 Nf6 3. Bb2 d6 4. e3 g6 5. d3 Bg7 6. Be2 O-O 7. g4 a5 8. Nd2 axb4
9. axb4 Rxa1 10. Bxa1 Na6 11. b5 Nc5 12. g5 Ne8 13. h4 f6 14. Ngf3 Bd7 15. Qb1
Qe7 16. Qb4 Ne6 17. Rg1 Rf7 18. Ne4 f5 19. Nc3 c6 20. b6 d5 21. Qxe7 Rxe7 22.
Bb2 e4 23. Nd2 d4 24. Nd1 dxe3 25. fxe3 Bxb2 26. Nxb2 exd3 27. Nxd3 Nd6 28. Kf2
Nf8 29. Ra1 Be6 30. Ra8 Kg7 31. Rd8 Nc8 32. Nf4 Nxb6 33. h5 Nd5 34. h6+ Kf7 35.
Nc4 Nxf4 36. Ne5+ Kg8 37. exf4 Rc7 38. Re8 b5 39. c3 Bf7 40. Rb8 Bd5 41. Ke3
Re7 42. Kd4 Bf7 43. Kc5 Be8 44. Bd1 Ne6+ 45. Kd6 Kf8 46. Nxc6 Rd7+ 47. Kxe6
Rxd1 48. Ne5 Rd2 49. Rb7 1-0

[Event "39 Mar del Plata open"]
[Site "?"]
[Date "2008.03.22"]
[Round "9"]
[White "Cristobal, Ruben"]
[Black "Evans, Pablo"]
[Result "1-0"]
[WhiteElo "2283"]
[BlackElo "2085"]
[PlyCount "95"]

1. e4 b6 2. d4 Bb7 3. Nc3 e6 4. Nf3 Bb4 5. Bd3 Nf6 6. Qe2 c5 7. O-O Bxc3 8.
bxc3 c4 9. Bxc4 Nxe4 10. Ba3 d6 11. Bd3 Nxc3 12. Qd2 Qc7 13. Qf4 Nd7 14. Bxd6
Qc6 15. Rfe1 g5 16. Qg3 h5 17. Bb4 O-O-O 18. Bf1 Ne4 19. Ne5 Nxg3 20. Nxc6 Bxc6
21. hxg3 Kc7 22. a4 a5 23. Be7 Rdg8 24. c4 h4 25. g4 Rh6 26. c5 Nf6 27. Re5 h3
28. gxh3 Nxg4 29. Rxg5 Rxg5 30. Bxg5 Rg6 31. Bf4+ e5 32. Bg3 Ne3 33. Bd3 f5 34.
cxb6+ Kb7 35. dxe5 Rg7 36. Re1 f4 37. fxe3 Rxg3+ 38. Kf2 Rg2+ 39. Kf1 f3 40. e4
Bd7 41. Re3 Bxh3 42. Rxf3 Rg3+ 43. Kf2 Rxf3+ 44. Kxf3 Be6 45. Kf4 Kxb6 46. Kg5
Bb3 47. Bb5 Kc7 48. Kf6 1-0

[Event "39 Mar del Plata open"]
[Site "?"]
[Date "2008.03.22"]
[Round "9"]
[White "Cuevas, Alex"]
[Black "Needleman, Alejandro"]
[Result "1/2-1/2"]
[WhiteElo "2165"]
[BlackElo "2355"]
[PlyCount "44"]

1. e4 e6 2. Nf3 d5 3. exd5 exd5 4. d4 Nf6 5. Be2 Bd6 6. O-O O-O 7. c4 dxc4 8.
Bxc4 Nbd7 9. Nc3 Nb6 10. Bb3 Bg4 11. h3 Bh5 12. g4 Bg6 13. Ne5 c5 14. Nxg6 hxg6
15. dxc5 Bxc5 16. Qf3 Qc7 17. Bf4 Qc6 18. Kg2 Bd4 19. Rac1 Qxf3+ 20. Kxf3 Bxc3
21. Rxc3 Nfd5 22. Bxd5 Nxd5 1/2-1/2

[Event "39 Mar del Plata open"]
[Site "?"]
[Date "2008.03.22"]
[Round "9"]
[White "Dimuro, Matias"]
[Black "Daneri, Martin"]
[Result "1-0"]
[WhiteElo "2143"]
[BlackElo "2210"]
[PlyCount "57"]

1. e4 e6 2. d4 d5 3. Nc3 Bb4 4. e5 c5 5. a3 Bxc3+ 6. bxc3 Qa5 7. Bd2 Qa4 8. Nf3
b6 9. h4 Ne7 10. Qb1 Ba6 11. Bxa6 Qxa6 12. a4 Nbc6 13. Qb5 Qa5 14. O-O O-O 15.
Rfb1 Rfc8 16. Qd3 Nb8 17. Ng5 g6 18. Qf3 Rf8 19. g4 Nd7 20. Kg2 cxd4 21. Rb5
Qa6 22. cxd4 Nc6 23. Qd3 Qc8 24. Re1 Qa6 25. h5 h6 26. hxg6 hxg5 27. Rh1 Ndxe5
28. Qh3 Kg7 29. Qh6+ 1-0

[Event "39 Mar del Plata open"]
[Site "?"]
[Date "2008.03.22"]
[Round "9"]
[White "Espinoza Palomino, Willyam"]
[Black "De Dovittis, Alejo"]
[Result "0-1"]
[WhiteElo "1945"]
[BlackElo "2326"]
[PlyCount "72"]

1. e4 c5 2. Nf3 e6 3. d4 cxd4 4. Nxd4 a6 5. Bd3 Qc7 6. O-O Nf6 7. Qe2 d6 8. Be3
Be7 9. c4 b6 10. Nc3 Nbd7 11. f4 Bb7 12. Rac1 Nc5 13. Bd2 Nxd3 14. Qxd3 Nd7 15.
b3 O-O 16. f5 Nc5 17. Qe3 a5 18. Be1 Bf6 19. Bg3 Qe7 20. Rcd1 Be5 21. Bxe5 dxe5
22. Ndb5 Rad8 23. Qg3 exf5 24. exf5 f6 25. Qe3 Rxd1 26. Rxd1 Rd8 27. Nd5 Bxd5
28. Rxd5 Rxd5 29. cxd5 Qd7 30. Nc3 Qxf5 31. Qe2 Qf4 32. Nd1 Qd4+ 33. Ne3 f5 34.
Kf1 f4 35. Nf5 Qa1+ 36. Kf2 e4 0-1

[Event "39 Mar del Plata open"]
[Site "?"]
[Date "2008.03.22"]
[Round "9"]
[White "Fell, Sebastian"]
[Black "Acosta, Mariano"]
[Result "1-0"]
[WhiteElo "2129"]
[BlackElo "2021"]
[PlyCount "121"]

1. e4 Nf6 2. e5 Nd5 3. d4 d6 4. Nf3 g6 5. Bc4 Nb6 6. Bb3 Bg7 7. Ng5 e6 8. Qf3
Qe7 9. Ne4 dxe5 10. Bg5 Qb4+ 11. c3 Qa5 12. Bf6 O-O 13. Bxg7 Kxg7 14. Qf6+ Kg8
15. Qxe5 Qxe5 16. dxe5 Nc6 17. f4 Na5 18. Nbd2 Nxb3 19. Nxb3 Nd5 20. O-O b6 21.
Nd4 Bb7 22. g3 Kg7 23. Rfe1 Rfd8 24. a4 a5 25. Rad1 h6 26. Kf2 Rac8 27. Nb5 Ba6
28. Na7 Ra8 29. Nc6 Re8 30. Nd4 Red8 31. b3 Bb7 32. c4 Nb4 33. Nc3 c5 34. Ndb5
Nd3+ 35. Ke3 Nxe1 36. Rxe1 Bc6 37. Rd1 Rxd1 38. Nxd1 Bxb5 39. cxb5 f6 40. Nb2
g5 41. Nc4 Rb8 42. exf6+ Kxf6 43. Ne5 gxf4+ 44. Kxf4 Rb7 45. Nc4 Rb8 46. Ke4
Ke7 47. Ne5 Kd6 48. Nf7+ Kc7 49. Nxh6 Rh8 50. Ng4 Rh5 51. h4 Kd6 52. Ne3 Kc7
53. Kf4 Rh8 54. Nc4 Rf8+ 55. Kg4 Rd8 56. h5 Rd3 57. h6 Rd1 58. Kg5 e5 59. h7
Rh1 60. Kg6 e4 61. Kg7 1-0

[Event "39 Mar del Plata open"]
[Site "?"]
[Date "2008.03.22"]
[Round "9"]
[White "Goldwaser, Cristian"]
[Black "Contin, Daniel"]
[Result "0-1"]
[WhiteElo "2350"]
[BlackElo "2309"]
[PlyCount "84"]

1. Nf3 c5 2. c4 g6 3. g3 Bg7 4. d4 cxd4 5. Nxd4 Nc6 6. Nc2 d6 7. Bg2 Be6 8. Ne3
Rc8 9. O-O Qd7 10. Nc3 Na5 11. Ncd5 Nxc4 12. Nxc4 Rxc4 13. Be3 Nf6 14. Nf4 a6
15. Nxe6 fxe6 16. Qb3 b5 17. a4 Kf7 18. axb5 Qxb5 19. Qa2 Nd5 20. Bc1 Nb4 21.
Qb1 Nc2 22. Ra2 Nd4 23. Be3 Nxe2+ 24. Kh1 Rb4 25. Qd1 Rxb2 26. Rxb2 Qxb2 27.
Re1 Nd4 28. Bh3 Nf5 29. Qf3 h5 30. Bf1 Qb4 31. Rc1 d5 32. Bxa6 Qa3 33. Be2 Bd4
34. Rf1 Rc8 35. Qf4 Bxe3 36. fxe3 Rc2 37. Bd1 Rc4 38. Qh6 Qd3 39. Qh7+ Ke8 40.
Kg1 Nxe3 41. Re1 Qd2 42. Qxg6+ Kd7 0-1

[Event "39 Mar del Plata open"]
[Site "?"]
[Date "2008.03.22"]
[Round "9"]
[White "Leskovar, Mario"]
[Black "Lo Presti, Roberto"]
[Result "1-0"]
[WhiteElo "2355"]
[BlackElo "2148"]
[PlyCount "83"]

1. e4 e6 2. d4 d5 3. Nc3 Bb4 4. Nge2 dxe4 5. a3 Be7 6. Nxe4 Nf6 7. Qd3 b6 8.
Bf4 Bb7 9. N2c3 Nbd7 10. O-O-O O-O 11. Nxf6+ Nxf6 12. Qh3 Qc8 13. Bd3 Ba6 14.
Rhe1 Rd8 15. d5 Bxd3 16. Rxd3 Bc5 17. dxe6 fxe6 18. Rxd8+ Qxd8 19. Qxe6+ Kh8
20. Be3 Qf8 21. Bxc5 Qxc5 22. Qe3 Qh5 23. Qg3 Qf7 24. Qf4 Rf8 25. f3 h6 26. Re5
c5 27. Qd2 Qc7 28. Qe3 Rd8 29. h4 a6 30. b3 c4 31. b4 a5 32. b5 Qd6 33. Kb2 Qc7
34. g4 Nd7 35. Re7 Qd6 36. Re6 Qf8 37. h5 Nc5 38. Rxb6 Nd3+ 39. cxd3 Rxd3 40.
Qe5 Rd2+ 41. Kc1 Rd8 42. Rxh6+ 1-0

[Event "39 Mar del Plata open"]
[Site "?"]
[Date "2008.03.22"]
[Round "9"]
[White "Lida Garcia, Fernando"]
[Black "Saralegui, Mario"]
[Result "1-0"]
[WhiteElo "2049"]
[BlackElo "2190"]
[PlyCount "83"]

1. c4 e6 2. g3 d5 3. Bg2 Nf6 4. Nf3 Nbd7 5. O-O Be7 6. d4 c6 7. b3 O-O 8. Qc2
Ne4 9. Ne1 f5 10. f3 Nef6 11. Nd3 Re8 12. Kh1 b6 13. cxd5 Bb7 14. dxc6 Rc8 15.
Bb2 Bxc6 16. Qd2 Qc7 17. Na3 Qb7 18. Nc4 Bd5 19. Ne3 Bc6 20. Rfc1 Bb5 21. Rxc8
Rxc8 22. Nf4 Nf8 23. a4 Bd7 24. d5 Rd8 25. Rd1 Bc8 26. Qc2 Bc5 27. Bxf6 gxf6
28. dxe6 Rxd1+ 29. Nxd1 Bxe6 30. Nxe6 Nxe6 31. Qxf5 Qe7 32. f4 Nd4 33. Bd5+ Kg7
34. Qg4+ Kh6 35. b4 Bxb4 36. e4 Bd2 37. Qg8 Bb4 38. Ne3 f5 39. Kg2 Bd2 40. Nc4
Bc3 41. Ne5 Ne2 42. Nf7+ {(mate in 2)} 1-0

[Event "39 Mar del Plata open"]
[Site "?"]
[Date "2008.03.22"]
[Round "9"]
[White "Meza, Hugo"]
[Black "Roselli, Bernardo"]
[Result "1-0"]
[WhiteElo "2246"]
[BlackElo "2420"]
[PlyCount "53"]

1. d4 g6 2. c4 Nf6 3. Nc3 Bg7 4. e4 d6 5. f4 O-O 6. Nf3 Na6 7. e5 Nd7 8. Be2 c5
9. exd6 exd6 10. O-O Nc7 11. f5 Nf6 12. fxg6 fxg6 13. dxc5 dxc5 14. Bf4 Qxd1
15. Raxd1 Nce8 16. Ne5 Nh5 17. Bxh5 gxh5 18. Rd8 b6 19. Nd7 Bxd7 20. Rxa8 Bd4+
21. Kh1 Bc6 22. Rxa7 Be3 23. Ne2 Nd6 24. Rc7 Ba8 25. Re7 Nf5 26. Re5 h4 27.
Bxe3 1-0

[Event "39 Mar del Plata open"]
[Site "?"]
[Date "2008.03.22"]
[Round "9"]
[White "Moccero, Eduardo"]
[Black "Musanti, Diego"]
[Result "0-1"]
[WhiteElo "2120"]
[BlackElo "2314"]
[PlyCount "84"]

1. d4 Nf6 2. Nf3 d5 3. e3 c5 4. c4 cxd4 5. exd4 dxc4 6. Bxc4 e6 7. O-O Be7 8.
Nc3 O-O 9. Bf4 Nc6 10. d5 Na5 11. d6 Nxc4 12. dxe7 Qxe7 13. Qb3 e5 14. Qxc4 Be6
15. Qa4 exf4 16. Qxf4 Rac8 17. Rfe1 Qc5 18. Rac1 Qb6 19. b3 h6 20. h3 Qa5 21.
Qa4 Qh5 22. Qh4 Qxh4 23. Nxh4 Rfd8 24. Ng6 fxg6 25. Rxe6 Rd3 26. Re3 Rxe3 27.
fxe3 Nd5 28. Ne2 Rxc1+ 29. Nxc1 Nxe3 30. Kf2 Nd5 31. Nd3 Kf7 32. Kf3 b6 33.
Ne5+ Kf6 34. Nc6 h5 35. h4 Ke6 36. Ke4 Kd6 37. Ne5 Nc3+ 38. Kd4 Nxa2 39. Ke4
Nc1 40. Nxg6 Nxb3 41. Kf5 Nc5 42. Nf4 Na4 0-1

[Event "39 Mar del Plata open"]
[Site "?"]
[Date "2008.03.22"]
[Round "9"]
[White "Perdomo, Carlos Andres"]
[Black "Sandoval, Teofilo"]
[Result "1-0"]
[WhiteElo "2351"]
[BlackElo "2158"]
[PlyCount "75"]

1. c4 b6 2. Nc3 Nf6 3. d4 Bb7 4. f3 e6 5. e4 Bb4 6. Nge2 h6 7. a3 Be7 8. Be3
Nh7 9. Qd2 d6 10. Ng3 Nd7 11. Be2 Bh4 12. O-O-O Be7 13. Nh5 Bf8 14. g4 g6 15.
Ng3 Nhf6 16. h4 Ng8 17. f4 c6 18. h5 Qe7 19. hxg6 fxg6 20. e5 dxe5 21. fxe5
O-O-O 22. Qc2 c5 23. Nge4 cxd4 24. Bxd4 Kb8 25. Rh3 Bg7 26. Nd6 Nxe5 27. Nxb7
Rxd4 28. Rxd4 Kxb7 29. Qe4+ Kb8 30. Kb1 Qg5 31. c5 Nf6 32. Qg2 Nf7 33. cxb6
axb6 34. Rb4 Nd5 35. Nxd5 exd5 36. Qf2 Nd8 37. Qxb6+ Kc8 38. Qd6 1-0

[Event "39 Mar del Plata open"]
[Site "?"]
[Date "2008.03.22"]
[Round "9"]
[White "Pierrot, Facundo"]
[Black "Vargas, Gabriela"]
[Result "1/2-1/2"]
[WhiteElo "2450"]
[BlackElo "2030"]
[PlyCount "88"]

1. e4 e6 2. d4 d5 3. Nd2 dxe4 4. Nxe4 Bd7 5. Nf3 Bc6 6. Bd3 Nd7 7. O-O Be7 8.
c4 Ngf6 9. Ng3 Bxf3 10. Qxf3 c6 11. b3 O-O 12. Bb2 a5 13. Rad1 a4 14. Bc2 axb3
15. axb3 Ra2 16. Qc3 Qa5 17. Qxa5 Rxa5 18. Ra1 Rfa8 19. Rxa5 Rxa5 20. Ra1 Rxa1+
21. Bxa1 Bb4 22. f3 Kf8 23. Kf2 Ke7 24. Bb2 g6 25. h4 c5 26. Ne2 b6 27. Ke3 Nb8
28. Nf4 cxd4+ 29. Bxd4 Nfd7 30. Nd3 Nc6 31. Nxb4 Nxb4 32. Bd1 Nc5 33. Bc3 Nca6
34. g4 Nc6 35. f4 f5 36. g5 Kd6 37. Be2 Nc5 38. b4 Ne4 39. Bg7 Ke7 40. Bd4 Nxb4
41. Bxb6 Nc2+ 42. Kd3 Nb4+ 43. Kd4 Nc2+ 44. Kd3 Nb4+ 1/2-1/2

[Event "39 Mar del Plata open"]
[Site "?"]
[Date "2008.03.22"]
[Round "9"]
[White "Pineiro, Dario"]
[Black "Bustamante, Leonidas"]
[Result "1/2-1/2"]
[WhiteElo "1907"]
[BlackElo "2184"]
[PlyCount "81"]

1. e4 c5 2. Nf3 Nc6 3. d4 cxd4 4. Nxd4 e5 5. Nb5 d6 6. N1c3 a6 7. Na3 b5 8. Nd5
Nge7 9. Bg5 h6 10. Bxb5 axb5 11. Nxb5 Ra7 12. Nxa7 hxg5 13. Nxc8 Qxc8 14. Qd2
Nxd5 15. exd5 Nd4 16. c3 Nf5 17. O-O Be7 18. Qd3 g6 19. b4 Nh4 20. Rfd1 Kf8 21.
a4 Qg4 22. Qg3 Qh5 23. a5 g4 24. h3 gxh3 25. Qxh3 g5 26. Kh1 g4 27. Qd3 Nxg2+
28. Kxg2 Qh2+ 29. Kf1 Bh4 30. Qe3 g3 31. fxg3 Bxg3 32. Rd2 Qh1+ 33. Ke2 Rh2+
34. Kd3 e4+ 35. Kc4 Qxa1 36. Rxh2 Bxh2 37. Qh6+ Ke7 38. Qxh2 Kd7 39. Qh7 Qf1+
40. Kb3 e3 41. Qh5 1/2-1/2

[Event "39 Mar del Plata open"]
[Site "?"]
[Date "2008.03.22"]
[Round "9"]
[White "Ruperez, Miguel Angel"]
[Black "Zamorano, Jorge"]
[Result "1-0"]
[WhiteElo "2100"]
[BlackElo "2254"]
[PlyCount "67"]

1. d4 Nf6 2. c4 g6 3. Nc3 Bg7 4. g3 d6 5. Bg2 O-O 6. e4 c5 7. d5 e6 8. Nge2
exd5 9. cxd5 Re8 10. a4 Na6 11. O-O c4 12. Be3 Nb4 13. Bd4 Bd7 14. h3 Nh5 15.
Bxg7 Nxg7 16. Nb5 Bxb5 17. axb5 Qb6 18. Qd4 Qxb5 19. Nc3 Qd7 20. Qxc4 Na6 21.
b4 Rec8 22. Qd4 Ne8 23. f4 Rc7 24. Rf3 Rac8 25. Bf1 Qd8 26. e5 Re7 27. Re3 Ng7
28. g4 Rec7 29. Ne4 dxe5 30. fxe5 Qh4 31. Nf6+ Kh8 32. Rd1 Qg5 33. h4 Qh6 34.
g5 1-0